Statistiques concernant Animal Crossing-Les mimiques que Ciboulot peut apprendre au joueur

Cliquez ici pour prendre le quiz!

Statistiques générales

  • Ce quiz a été pris 10 fois
  • Le résultat moyen est 9 sur 40

Statistiques - réponses

Réponse% Correct
Joie
70%
Sourire
50%
Eternuement
40%
Fureur
40%
Salut
40%
Surprise
40%
Amour
30%
Applaudissements
30%
Coeur brisé
30%
Embarras
30%
Euphorie
30%
Frisson
30%
Gaffe
30%
Malice
30%
Pirouette
30%
Rire
30%
Déprime
20%
Pleurs
20%
Réflexion
20%
Sommeil
20%
Timidité
20%
Twisto Ciboulot
20%
Acquiescement
10%
Curiosité
10%
Dépit
10%
Dérision
10%
Désaccord
10%
Détresse
10%
Enthousiasme
10%
Esbroufe
10%
Etonnement
10%
Exaspération
10%
Fierté
10%
Mécontentement
10%
Rêverie
10%
Soupir
10%
Sursaut
10%
Tracas
10%
Trouvaille
0%
Vent glacial
0%

Distribution des résultats

Percentile par nombre de réponses

% des personnes avec chaque résultat

Votre développement - résultats

Vous n’avez pas pris ce quiz